[Event "Doeberl Cup 52nd"]
[Site "Canberra"]
[Date "2014.04.17"]
[Round "1"]
[White "Muller, Jonas"]
[Black "Ly, Moulthun"]
[Result "1/2-1/2"]
[WhiteElo "2062"]
[BlackElo "2440"]
[PlyCount "104"]
[EventDate "2014.04.17"]
[EventType "swiss"]
[EventRounds "9"]
[EventCountry "AUS"]
[SourceTitle "CBM 159 Extra"]
[Source "ChessBase"]
[SourceDate "2014.04.24"]
[SourceVersion "1"]
[SourceVersionDate "2014.04.24"]
[SourceQuality "1"]

1. e4 c5 2. Nf3 e6 3. d4 cxd4 4. Nxd4 Nc6 5. Nb5 d6 6. Bf4 e5 7. Be3 a6 8. N5c3 Nf6 9. Bg5 Be7 10. Nd2 Be6 11. Bxf6 Bxf6 12. Nc4 Nd4 13. Ne3 Rc8 14. Bd3 Bg5 15. Ncd5 g6 16. c3 Nc6 17. 0-0 0-0 18. g3 Kh8 19. f4 exf4 20. gxf4 Bh6 21. Kh1 Bxd5 22. Nxd5 Ne7 23. Bc2 Nxd5 24. Qxd5 Qh4 25. Qd4+ Kg8 26. Qf2 Qe7 27. Rae1 Rc5 28. Bb3 Rh5 29. f5 Bg5 30. Qg2 Kh8 31. fxg6 hxg6 32. Rf3 Kg7 33. Rh3 Rxh3 34. Qxh3 Bf4 35. Qg4 Qe5 36. h3 f5 37. Qf3 Rh8 38. Rf1 Rh4 39. exf5 Qxf5 40. Kg2 Kh6 41. Re1 Be5 42. Qxf5 gxf5 43. Rf1 Kg6 44. Be6 Rh5 45. Bc8 b6 46. Bxa6 Kf6 47. Be2 Rg5+ 48. Kh1 d5 49. Rd1 Rg3 50. Rd3 f4 51. Rxg3 fxg3 52. Kg2 d4 1/2-1/2

[Event "Adelaide Lidums YM-A"]
[Site "Adelaide"]
[Date "2013.12.08"]
[Round "3"]
[White "Ly, Moulthun"]
[Black "Muller, Jonas"]
[Result "1/2-1/2"]
[WhiteElo "2433"]
[BlackElo "2050"]
[PlyCount "94"]
[EventDate "2013.12.07"]
[EventType "tourn"]
[EventRounds "10"]
[EventCountry "AUS"]
[EventCategory "2"]
[SourceTitle "CBM 157 Extra"]
[Source "ChessBase"]
[SourceDate "2013.12.19"]
[SourceVersion "1"]
[SourceVersionDate "2013.12.19"]
[SourceQuality "1"]

1. c4 c5 2. g3 Nf6 3. Bg2 d5 4. cxd5 Nxd5 5. Nc3 Nc7 6. Nf3 Nc6 7. 0-0 e5 8. d3 Be7 9. Nd2 Be6 10. Nc4 f6 11. f4 exf4 12. Bxf4 Qd7 13. Qa4 0-0 14. Na5 Nxa5 15. Qxd7 Bxd7 16. Bxc7 Nc6 17. Nd5 Rfe8 18. Bf4 Rac8 19. Bf3 b6 20. e3 Nb4 21. Nxb4 cxb4 22. Bd5+ Kh8 23. Rac1 g5 24. Bc7 Bc5 25. d4 Rxc7 26. dxc5 bxc5 27. Rxf6 Bb5 28. e4 c4 29. Kf2 c3 30. bxc3 Rxc3 31. Re1 a5 32. Rf5 h6 33. Bf7 Rb8 34. Rd1 Bd3 35. Bb3 Bxe4 36. Rxa5 Bc2 37. Bxc2 Rxc2+ 38. Kf3 b3 39. axb3 Rxb3+ 40. Kg4 Rxh2 41. Rd7 Rb4+ 42. Kf3 Rb3+ 43. Ke4 Re2+ 44. Kf5 Rf2+ 45. Kg6 Rb6+ 46. Kh5 Rh2+ 47. Kg4 Rb4+ 1/2-1/2

[Event "Oceania zt"]
[Site "Nadi"]
[Date "2013.05.09"]
[Round "8"]
[White "Muller, Jonas"]
[Black "Illingworth, Max"]
[Result "0-1"]
[WhiteElo "2039"]
[BlackElo "2422"]
[PlyCount "56"]
[EventDate "2013.05.05"]
[EventType "swiss"]
[EventRounds "9"]
[EventCountry "FIJ"]
[SourceTitle "CBM 154 Extra"]
[Source "ChessBase"]
[SourceDate "2013.06.25"]
[SourceVersion "2"]
[SourceVersionDate "2013.06.25"]
[SourceQuality "1"]

1. e4 d6 2. d4 Nf6 3. Nc3 g6 4. Nf3 Bg7 5. Be2 0-0 6. h3 a6 7. a4 b6 8. e5 Nfd7 9. e6 fxe6 10. 0-0 Nf6 11. Bc4 d5 12. Bd3 c5 13. Re1 Nc6 14. Be3 Qd6 15. Bf1 cxd4 16. Nxd4 Nb4 17. Qd2 e5 18. Ndb5 axb5 19. Nxb5 Ne4 20. Nxd6 Nxd2 21. Bxd2 Nxc2 22. Nb5 Nxe1 23. Bxe1 Bb7 24. Bb4 Kf7 25. b3 Rac8 26. a5 e4 27. Ra2 bxa5 28. Rxa5 Ra8 0-1

[Event "Doeberl Cup Premier 51st"]
[Site "Canberra"]
[Date "2013.03.31"]
[Round "7"]
[White "Muller, Jonas"]
[Black "Zelesco, Karl"]
[Result "1/2-1/2"]
[WhiteElo "2039"]
[BlackElo "2148"]
[PlyCount "129"]
[EventDate "2013.03.28"]
[EventType "swiss"]
[EventRounds "9"]
[EventCountry "AUS"]
[SourceTitle "EXT 2023"]
[Source "ChessBase"]
[SourceDate "2022.10.05"]
[SourceVersion "1"]
[SourceVersionDate "2022.10.05"]
[SourceQuality "1"]

1. e4 e6 2. d4 d5 3. e5 c5 4. c3 Nc6 5. Nf3 Qb6 6. a3 Bd7 7. b4 cxd4 8. cxd4 Rc8 9. Be3 Nh6 10. Bd3 Ng4 11. 0-0 Be7 12. Nbd2 Nxe3 13. fxe3 0-0 14. Nb3 f5 15. Nc5 Nb8 16. Nd2 Qc7 17. Rc1 b6 18. Nxd7 Qxd7 19. Qe2 Qa4 20. Nb1 Qb3 21. Qd2 Bg5 22. h4 Bh6 23. Rxc8 Rxc8 24. g4 g6 25. g5 Bf8 26. Kf2 a5 27. bxa5 b5 28. Ke2 b4 29. a4 Qxa4 30. Rc1 Rxc1 31. Qxc1 Qxa5 32. Qc8 Qb6 33. Qe8 Kg7 34. Kf3 Na6 35. Qd7+ Kg8 36. h5 gxh5 37. Qe8 Nc7 38. Qxh5 Qc6 39. Nd2 Qc3 40. Ke2 Qc1 41. g6 h6 42. Bxf5 Qc6 43. Bd3 Nb5 44. Qf3 Nc3+ 45. Ke1 Qa8 46. Qg4 Kg7 47. Qf4 Be7 48. Qf3 Bh4+ 49. Kf1 Qf8 50. Kg2 Qxf3+ 51. Kxf3 Bg5 52. Nb3 Be7 53. Nc5 Bxc5 54. dxc5 Na4 55. c6 h5 56. Kg3 b3 57. Kh4 Kh6 58. c7 Nb6 59. Bb1 b2 60. Bd3 Nc8 61. Bb1 Ne7 62. Bd3 Nc8 63. Bb5 Ne7 64. Bd3 Nc8 65. Bb1 1/2-1/2

[Event "Doeberl Cup Premier 50th"]
[Site "Canberra"]
[Date "2012.04.08"]
[Round "8"]
[White "Louie, Ryan"]
[Black "Muller, Jonas"]
[Result "0-1"]
[WhiteElo "1759"]
[BlackElo "2090"]
[PlyCount "102"]
[EventDate "2012.04.05"]
[EventType "swiss"]
[EventRounds "9"]
[EventCountry "AUS"]
[SourceTitle "EXT 2023"]
[Source "ChessBase"]
[SourceDate "2022.10.05"]
[SourceVersion "1"]
[SourceVersionDate "2022.10.05"]
[SourceQuality "1"]

1. d4 Nf6 2. c4 e6 3. Nf3 b6 4. e3 Bb7 5. Bd3 Bb4+ 6. Bd2 Qe7 7. Bxb4 Qxb4+ 8. Qd2 Qe7 9. Nc3 d5 10. Qe2 0-0 11. 0-0 c5 12. b3 Nc6 13. Rad1 dxc4 14. bxc4 cxd4 15. exd4 Rfd8 16. Rfe1 Qc7 17. Nb5 Qf4 18. Qe3 Qxe3 19. fxe3 Nb4 20. Bb1 a6 21. Nc3 Bxf3 22. gxf3 Rac8 23. Na4 Rxc4 24. Nxb6 Rc3 25. Na4 Ra3 26. Nc5 Nfd5 27. Nb3 Nxa2 28. Bxa2 Rxa2 29. Ra1 Rxa1 30. Rxa1 Nxe3 31. Rxa6 Nf5 32. Kf2 Kf8 33. Ra4 Rb8 34. Nd2 Ke7 35. Ke2 Rb5 36. Kd3 Kf6 37. Rc4 Ra5 38. Rc5 Ra3+ 39. Ke4 g5 40. Nc4 Rc3 41. d5 Rxc4+ 42. Rxc4 Nd6+ 43. Kd4 Nxc4 44. Kxc4 exd5+ 45. Kxd5 Kf5 46. Kd6 Kf4 47. Ke7 Kxf3 48. Kxf7 Kg2 49. Kf6 h6 50. Kg6 Kxh2 51. Kxh6 g4 0-1

[Event "Doeberl Cup 50th"]
[Site "Canberra"]
[Date "2012.04.05"]
[Round "1"]
[White "Muller, Jonas"]
[Black "Akshat, Khamparia"]
[Result "0-1"]
[WhiteElo "2090"]
[BlackElo "2411"]
[PlyCount "110"]
[EventDate "2012.04.05"]
[EventType "swiss"]
[EventRounds "9"]
[EventCountry "AUS"]
[SourceTitle "CBM 147 Extra"]
[Source "ChessBase"]
[SourceDate "2012.04.24"]
[SourceVersion "1"]
[SourceVersionDate "2012.04.24"]
[SourceQuality "1"]

1. e4 Nf6 2. e5 Nd5 3. d4 d6 4. c4 Nb6 5. exd6 exd6 6. Nc3 Be7 7. Be3 Nc6 8. Be2 0-0 9. Nf3 Bg4 10. b3 f5 11. d5 Bxf3 12. Bxf3 Bf6 13. Rc1 Ne5 14. 0-0 Nbd7 15. Nb5 Nxf3+ 16. Qxf3 f4 17. Bd4 a6 18. Bxf6 Rxf6 19. Nd4 Ne5 20. Qe4 f3 21. gxf3 Qd7 22. f4 Qg4+ 23. Qg2 Qxg2+ 24. Kxg2 Nd3 25. Rc3 Nxf4+ 26. Kh1 Re8 27. Re3 Rxe3 28. fxe3 Nxd5 29. Rxf6 Nxf6 30. Ne6 Ne8 31. c5 a5 32. Kg2 dxc5 33. Nxc5 b6 34. Nd3 Kf7 35. Kf3 Ke6 36. Ke4 Nf6+ 37. Kd4 g5 38. e4 Ng4 39. h3 Ne5 40. Nf2 c5+ 41. Ke3 b5 42. Nd1 b4 43. Nb2 Kd6 44. Na4 Kc6 45. Nb2 h5 46. Nd1 Kb5 47. Nf2 a4 48. h4 axb3 49. axb3 g4 50. Kf4 Ng6+ 51. Kg3 c4 52. bxc4+ Kxc4 53. Nxg4 hxg4 54. h5 Nf8 55. e5 b3 0-1

[Event "AUS-ch Major"]
[Site "Geelong"]
[Date "2012.01.06"]
[Round "9"]
[White "Muller, Jonas"]
[Black "Illingworth, Max"]
[Result "0-1"]
[WhiteElo "2023"]
[BlackElo "2401"]
[PlyCount "77"]
[EventDate "2011.12.27"]
[EventType "swiss"]
[EventRounds "11"]
[EventCountry "AUS"]
[SourceTitle "CBM 146 Extra"]
[Source "ChessBase"]
[SourceDate "2012.02.29"]
[SourceVersion "1"]
[SourceVersionDate "2012.02.29"]
[SourceQuality "1"]

1. d4 d5 2. c4 e6 3. Nc3 c5 4. cxd5 cxd4 5. Qa4+ Bd7 6. Qxd4 exd5 7. Qxd5 Nc6 8. Nf3 Nf6 9. Qd1 Bc5 10. e3 Qe7 11. Be2 g5 12. a3 g4 13. Nd2 Rd8 14. b4 Bd6 15. Qc2 Ne5 16. Bb2 Bc6 17. Nce4 Nxe4 18. Nxe4 Bb8 19. 0-0 Rg8 20. Ng3 Rg6 21. Rfd1 Rxd1+ 22. Rxd1 Qh4 23. Qf5 Nd7 24. Bc4 Rh6 25. Bxf7+ Ke7 26. Bh5 Bxg3 27. Qf7+ Kd8 28. fxg3 Qxh5 29. Qf8+ Kc7 30. Be5+ Qxe5 31. Qxh6 Qb2 32. Qd6+ Kc8 33. Qd2 Qxa3 34. e4 Qb3 35. Rc1 a6 36. Qd4 Qe6 37. Re1 Qe5 38. Qd3 Kb8 39. Rd1 0-1

[Event "AUS-ch Major"]
[Site "Geelong"]
[Date "2011.12.27"]
[Round "1"]
[White "Stojic, Dusan"]
[Black "Muller, Jonas"]
[Result "1-0"]
[WhiteElo "2287"]
[BlackElo "2023"]
[PlyCount "63"]
[EventDate "2011.12.27"]
[EventType "swiss"]
[EventRounds "11"]
[EventCountry "AUS"]
[SourceTitle "CBM 146 Extra"]
[Source "ChessBase"]
[SourceDate "2012.02.29"]
[SourceVersion "1"]
[SourceVersionDate "2012.02.29"]
[SourceQuality "1"]

1. c4 b6 2. Nc3 c5 3. e4 Bb7 4. Nge2 d6 5. d3 Nf6 6. g3 e6 7. Bg2 a6 8. 0-0 Qc7 9. a3 Be7 10. Rb1 Nbd7 11. b4 0-0 12. h3 Rac8 13. f4 g6 14. g4 cxb4 15. axb4 b5 16. cxb5 Qb6+ 17. d4 axb5 18. Qd3 Rc4 19. Be3 d5 20. e5 Ne8 21. f5 Bxb4 22. Na2 Ba5 23. Kh1 Nc7 24. Bh6 Rc8 25. fxg6 hxg6 26. Rxf7 Kxf7 27. Rf1+ Ke7 28. Qxg6 Ne8 29. Bg5+ Nef6 30. Rxf6 Nxf6 31. Qxf6+ Kd7 32. Qe7+ 1-0

[Event "Surfers Paradise op"]
[Site "Gold Coast"]
[Date "2010.12.28"]
[Round "5"]
[White "Lekkas, Frank"]
[Black "Muller, Jonas"]
[Result "0-1"]
[WhiteElo "1914"]
[BlackElo "1957"]
[PlyCount "68"]
[EventDate "2010.12.26"]
[EventType "swiss"]
[EventRounds "9"]
[EventCountry "AUS"]
[SourceTitle "CBM 140 Extra"]
[Source "ChessBase"]
[SourceDate "2011.03.01"]
[SourceVersion "1"]
[SourceVersionDate "2011.03.01"]
[SourceQuality "1"]

1. e4 c5 2. Nf3 Nc6 3. d4 cxd4 4. Nxd4 Nf6 5. Nc3 e5 6. Ndb5 d6 7. Bg5 a6 8. Na3 b5 9. Bxf6 gxf6 10. Nd5 Bg7 11. Bd3 Ne7 12. Nxe7 Qxe7 13. 0-0 f5 14. c4 0-0 15. Qf3 Rb8 16. Nc2 bxc4 17. Bxc4 f4 18. b4 Qg5 19. h3 Bb7 20. Rac1 Rbc8 21. Bb3 Qg6 22. Rfe1 Rc7 23. Qe2 Rfc8 24. f3 Bf6 25. Red1 Bd8 26. b5 axb5 27. Qxb5 Bc6 28. Qb4 Be7 29. Qa5 Bd7 30. Kh1 Kh8 31. Qd2 Rg8 32. Nb4 Rxc1 33. Rxc1 Bxh3 34. gxh3 Qg3 0-1

[Event "AUS-ch U18"]
[Site "Sandy Bay"]
[Date "2010.01.16"]
[Round "3"]
[White "Muller, Jonas"]
[Black "Lai, Gene"]
[Result "1-0"]
[WhiteElo "1979"]
[BlackElo "1559"]
[PlyCount "45"]
[EventDate "2010.01.14"]
[EventType "swiss"]
[EventRounds "11"]
[EventCountry "AUS"]
[SourceTitle "EXT 2011"]
[Source "ChessBase"]
[SourceDate "2010.11.26"]
[SourceVersion "1"]
[SourceVersionDate "2010.11.26"]
[SourceQuality "1"]

1. d4 Nf6 2. c4 g6 3. Nc3 Bg7 4. e4 d6 5. Nf3 Nbd7 6. Be2 0-0 7. Be3 e5 8. d5 Ne8 9. g4 c6 10. h4 f6 11. Qc2 a5 12. 0-0-0 Qe7 13. h5 g5 14. h6 Bh8 15. Rdg1 Nc5 16. Rh5 Nc7 17. Qd2 cxd5 18. exd5 Bd7 19. Bxc5 dxc5 20. d6 Qf7 21. dxc7 Bxg4 22. Nxg5 Qxh5 23. Qd5+ 1-0

[Event "AUS-ch U18"]
[Site "Sandy Bay"]
[Date "2010.01.15"]
[Round "2"]
[White "Fifield, Andrew"]
[Black "Muller, Jonas"]
[Result "0-1"]
[WhiteElo "1332"]
[BlackElo "1979"]
[PlyCount "74"]
[EventDate "2010.01.14"]
[EventType "swiss"]
[EventRounds "11"]
[EventCountry "AUS"]
[SourceTitle "EXT 2011"]
[Source "ChessBase"]
[SourceDate "2010.11.26"]
[SourceVersion "1"]
[SourceVersionDate "2010.11.26"]
[SourceQuality "1"]

1. e4 c5 2. Nf3 Nc6 3. d4 cxd4 4. Nxd4 Nf6 5. Nc3 e5 6. Ndb5 d6 7. Nd5 Nxd5 8. exd5 Nb8 9. c4 Be7 10. Be2 a6 11. Nc3 0-0 12. 0-0 f5 13. b4 Nd7 14. Qb3 Kh8 15. f4 Bf6 16. Kh1 Qe7 17. Bd3 g6 18. a4 b6 19. Ra2 Qg7 20. Ne2 Rb8 21. Ba3 Bb7 22. b5 Nc5 23. Bxc5 bxc5 24. a5 Qh6 25. b6 Rfe8 26. Bc2 exf4 27. Nxf4 Qxf4 28. Qd3 Qh6 29. Ba4 Re3 30. Qb1 Be5 31. h3 Qh4 32. Rc2 Qg3 33. Kg1 Qh2+ 34. Kf2 Bd4 35. Rd2 Qg3+ 36. Kg1 Re2+ 37. Rxd4 Qxg2# 0-1

[Event "Oceania zt"]
[Site "Gold Coast"]
[Date "2009.06.26"]
[Round "9"]
[White "Muller, Jonas"]
[Black "Goundar, Sanmogam"]
[Result "1-0"]
[WhiteElo "1981"]
[BlackElo "1903"]
[PlyCount "41"]
[EventDate "2009.06.20"]
[EventType "swiss"]
[EventRounds "9"]
[EventCountry "AUS"]
[SourceTitle "CBM 130 Extra"]
[Source "ChessBase"]
[SourceDate "2009.07.02"]
[SourceVersion "2"]
[SourceVersionDate "2009.07.15"]
[SourceQuality "1"]

1. e4 c5 2. Nf3 d6 3. d4 cxd4 4. Nxd4 Nf6 5. Nc3 g6 6. Be3 Bg7 7. f3 0-0 8. Qd2 Nc6 9. Bc4 Bd7 10. 0-0-0 Rc8 11. Bb3 Ne5 12. Kb1 Re8 13. h4 h5 14. g4 hxg4 15. Rdg1 e6 16. h5 Nxh5 17. Bh6 g3 18. Rxh5 gxh5 19. Rxg3 Ng6 20. Nf5 exf5 21. Rxg6 1-0

[Event "Oceania zt"]
[Site "Gold Coast"]
[Date "2009.06.25"]
[Round "8"]
[White "Stahnke, Alexander"]
[Black "Muller, Jonas"]
[Result "0-1"]
[WhiteElo "1795"]
[BlackElo "1981"]
[PlyCount "84"]
[EventDate "2009.06.20"]
[EventType "swiss"]
[EventRounds "9"]
[EventCountry "AUS"]
[SourceTitle "CBM 130 Extra"]
[Source "ChessBase"]
[SourceDate "2009.07.02"]
[SourceVersion "2"]
[SourceVersionDate "2009.07.15"]
[SourceQuality "1"]

1. d4 Nf6 2. c4 e6 3. Nc3 Bb4 4. a3 Bxc3+ 5. bxc3 c5 6. e3 0-0 7. Bd3 d6 8. Ne2 Nc6 9. 0-0 Qc7 10. f3 b6 11. Ng3 Ba6 12. Ra2 Na5 13. Re2 Bxc4 14. Bxc4 Nxc4 15. e4 cxd4 16. cxd4 b5 17. Bg5 Nd7 18. Nh5 Qb6 19. Kh1 Rfc8 20. f4 a5 21. f5 e5 22. Rf3 f6 23. Bh4 Kf7 24. Rg3 g6 25. fxg6+ hxg6 26. Nxf6 Nxf6 27. Qf1 d5 28. Rf2 Ra6 29. Rxf6+ Qxf6 30. Rf3 Rcc6 31. Bxf6 dxe4 32. Rf2 e3 33. Rf3 e4 34. Rf4 Rxf6 35. g3 g5 36. Rxf6+ Rxf6 37. Qe1 Rf2 38. Kg1 Rd2 39. Qf1+ Rf2 40. Qb1 Nd2 41. Qa2+ Ke7 42. Kh1 Nf3 0-1

[Event "Oceania zt"]
[Site "Gold Coast"]
[Date "2009.06.21"]
[Round "3"]
[White "Muller, Jonas"]
[Black "Oliver, Gareth"]
[Result "0-1"]
[WhiteElo "1981"]
[BlackElo "2187"]
[PlyCount "114"]
[EventDate "2009.06.20"]
[EventType "swiss"]
[EventRounds "9"]
[EventCountry "AUS"]
[SourceTitle "CBM 130 Extra"]
[Source "ChessBase"]
[SourceDate "2009.07.02"]
[SourceVersion "2"]
[SourceVersionDate "2009.07.15"]
[SourceQuality "1"]

1. e4 c5 2. Nf3 d6 3. d4 cxd4 4. Nxd4 Nf6 5. Nc3 g6 6. Be3 Bg7 7. f3 0-0 8. Qd2 Nc6 9. Bc4 Bd7 10. 0-0-0 Rb8 11. Bb3 Na5 12. Kb1 b5 13. Ka1 Nc4 14. Bxc4 bxc4 15. Rb1 Re8 16. h4 Qa5 17. Nde2 Bc6 18. Bd4 Rbd8 19. g4 e5 20. g5 exd4 21. Nxd4 Nxe4 22. fxe4 Bxe4 23. Nxe4 Qxd2 24. Nxd2 Bxd4 25. Nxc4 d5 26. Nd2 Re2 27. Nf3 Bg7 28. c3 d4 29. Rhd1 d3 30. Rd2 Re3 31. Rf1 Rde8 32. a3 R8e4 33. Kb1 Bf8 34. b4 Bg7 35. Kb2 Rc4 36. Nd4 Bxd4 37. cxd4 Rxd4 38. Rh1 Ree4 39. Rhd1 Rxh4 40. Rxd3 Rxd3 41. Rxd3 Rg4 42. Rd5 Re4 43. b5 Re7 44. a4 Kg7 45. Kc3 h6 46. Kd4 hxg5 47. Rxg5 f5 48. Kc5 Kf6 49. Rg1 f4 50. a5 g5 51. b6 axb6+ 52. axb6 Kf5 53. Kd6 Re6+ 54. Kc5 f3 55. b7 Re8 56. Ra1 Rb8 57. Kc6 Kf4 0-1

[Event "Sydney op-A"]
[Site "Parramatta"]
[Date "2009.04.19"]
[Round "9"]
[White "Muller, Jonas"]
[Black "Ruan, Jack"]
[Result "1/2-1/2"]
[WhiteElo "1981"]
[BlackElo "1886"]
[PlyCount "52"]
[EventDate "2009.04.15"]
[EventType "swiss"]
[EventRounds "9"]
[EventCountry "AUS"]
[SourceTitle "CBM 129 Extra"]
[Source "ChessBase"]
[SourceDate "2009.05.05"]
[SourceVersion "2"]
[SourceVersionDate "2009.05.20"]
[SourceQuality "1"]

1. e4 c5 2. Nf3 Nc6 3. d4 cxd4 4. Nxd4 Nf6 5. Nc3 e5 6. Ndb5 d6 7. Bg5 a6 8. Na3 b5 9. Nd5 Be7 10. Bxf6 Bxf6 11. c3 Bg5 12. Nc2 Ne7 13. Ncb4 0-0 14. Nxe7+ Qxe7 15. Nd5 Qb7 16. Qb3 Be6 17. Be2 Bxd5 18. Qxd5 Qxd5 19. exd5 Rab8 20. 0-0 a5 21. Rfb1 Rfc8 22. a4 b4 23. Ba6 Rc5 24. c4 Bd8 25. b3 Bb6 26. Rd1 Rc7 1/2-1/2